000 00793nam a2200265Ia 4500
003 OSt
005 20220918171223.0
006 a|||||r|||| 00| 0
007 ta
008 220917b |||||||| |||| 00| 0 eng d
020 _a9781412994057 (pbk)
_c3443.46
024 _a272,108
037 _b174, 25/07/2013, Sunrise Books
_cTextual
040 _aARTS
_cARTS
_beng
041 _2eng
_aeng
082 _aY73:f, Q3
100 _aStoecker Randy
_934865
245 0 _aResearch methods for community change
_b Project - based approach
250 _a2nd
260 _aLos Angeles
_bAngles Sage U.S.A
_c2013
300 _axvii, 280p.
_ccm.
650 _aSOCIOLOGY
942 _hY73:f, Q3
_cTEXL
_2CC
999 _c138402
_d138402